Catálogo
 En Linea

El astillero / (Registro nro. 10301)

Detalles MARC
000 -CABECERA
campo de control de longitud fija 00743cam a2200253 a 4500
001 - NÚMERO DE CONTROL
campo de control 000010543
005 - FECHA Y HORA DE LA ÚLTIMA TRANSACCIÓN
campo de control 20200929162239.0
008 - DATOS DE LONGITUD FIJA--INFORMACIÓN GENERAL
campo de control de longitud fija 891212s1998 sp 000 f spa d
020 ## - NÚMERO INTERNACIONAL ESTÁNDAR DEL LIBRO
Número Internacional Estándar del Libro 8440702256
040 ## - FUENTE DE LA CATALOGACIÓN
Centro catalogador/agencia de origen DO-SdBNP
Lengua de catalogación spa
Centro/agencia transcriptor LC
Centro/agencia modificador BNPHU
082 ## - NÚMERO DE LA CLASIFICACIÓN DECIMAL DEWEY
Número de clasificación U863.44
Número de documento/Ítem O58a
049 ## - FONDOS LOCALES (OCLC)
Fondos de biblioteca BNGR
100 1# - ENTRADA PRINCIPAL--NOMBRE DE PERSONA
Nombre de persona Onetti, Juan Carlos,
Fechas asociadas al nombre 1909-1994
9 (RLIN) 23877
245 13 - MENCIÓN DE TÍTULO
Título El astillero /
Mención de responsabilidad, etc. Juan Carlos Onetti.
260 ## - PUBLICACIÓN, DISTRIBUCIÓN, ETC.
Lugar de publicación, distribución, etc. Madrid :
Nombre del editor, distribuidor, etc. Club Internacional del Libro,
Fecha de publicación, distribución, etc. [1998].
300 ## - DESCRIPCIÓN FÍSICA
Extensión 206 p. ;
Dimensiones 22 cm.
490 1# - MENCIÓN DE SERIE
Mención de serie Universidad de Acalá
586 ## - NOTA DE PREMIOS
Nota de premios Premio Cervantes 1980.
650 #4 - PUNTO DE ACCESO ADICIONAL DE MATERIA--TÉRMINO DE MATERIA
Término de materia o nombre geográfico como elemento de entrada Novela uruguaya
9 (RLIN) 5679
650 #4 - PUNTO DE ACCESO ADICIONAL DE MATERIA--TÉRMINO DE MATERIA
Término de materia o nombre geográfico como elemento de entrada Literatura uruguaya
9 (RLIN) 3054
830 #0 - PUNTO DE ACCESO ADICIONAL DE SERIE-TÍTULO UNIFORME
Título uniforme Universidad de Acalá
9 (RLIN) 25575
910 ## - DATOS DE OPCIÓN DEL USUARIO (OCLC)
Datos de opción del usuario Catalogación derivada
910 ## - DATOS DE OPCIÓN DEL USUARIO (OCLC)
Datos de opción del usuario WM
Existencias
Estado de retiro Estado de pérdida Restricciones de uso No para préstamo Código de colección Localización permanente Ubicación/localización actual Ubicación en estantería Fecha de adquisición Número de inventario Total de préstamos Signatura topográfica completa Código de barras Fecha visto por última vez Precio válido a partir de Tipo de ítem Koha
        Monografías: Libros y Folletos General General Depósito 07.10.2009 LF1   U863.44 O58a 10543-10 25.06.2020 25.06.2020 Préstamo en sala

Con tecnología Koha